| 000 | 00329cam a22001217a 4500 | ||
|---|---|---|---|
| 008 | 180718b1961 xxu||||| |||| 00| 0 eng d | ||
| 082 | _aA6x6 Ol4 | ||
| 245 |
_aDawn of African history. _cedited by Roland Oliver |
||
| 260 |
_aLondon _bOxford _c1961 |
||
| 300 | _av, 103p | ||
| 650 | _aAfrica -History. | ||
| 700 | _aOliver, Roland, ed | ||
| 999 |
_c413042 _d413042 |
||